1445 1888 1330 1292 1033 1186 1721 1640 1450 1087 1157 1821 1497 1715 1545 1225 1733 1949 1098 1768 1828 1076 1706 1000 1685 1154 1809 1122 1720 1770 1349 1253 1107 1143 1442 1338 1867 1819 1130 1727 1907 1658 1856 1021 1617 1839 1787 1046 1294 1098 1101 1006 1851 1539 1644 1797 1147 1266 1235 1578 1079 1817 1509 1759 1052 1540 1294 1121 1372 1126 1927 1566 1378 1076 1119 1464 1070 1064 1144 1383 1681 1351 1471 1120 1132 1858 1170 1132 1254 1161 1863 1572 1907 1514 1459 1248 1821 1115 1071 BCNSPRNW ULIB Ver.6.0+V

เปลี่ยนเป็นภาษาไทย

Change to English
 แสดงรายละเอียดบรรณานุกรม
  กลับหน้าหลัก

Brief Record : Get Marc (ISO 2709) : E-mail record : QR code < ปิดหน้าต่าง
LEADER : 00000nam 2200000uu 4500
001    13399112873
003     ULIB
008    110914s2552||||th 000 0 tha d
020    9786115000111
090    นว.^bณ411ธ 2552
100 0  ณารา
245 00 ธาราหิมาลัย/^cณารา
250    พิมพ์ครั้งที่ 1
260    กรุงเทพฯ :^bพิมพ์คำ,^c2552
300    480 หน้า
945    ^p290^l0^i15841
995    กัณชพร
999     ^aใช้งานได้ทุกระบบ
รายการนี้ยังไม่มีแท็ก
คุณยังไม่ได้ล็อกอิน คุณสามารถมีกิจกรรมร่วมกับเว็บไซต์ได้ แต่ต้องล็อกอินก่อน ::
  ล็อกอิน

รายการสื่อสารสนเทศ

ลำดับที่ ประเภท เลขเรียก/บาร์โค้ด สถานที่ สถานะ
1. นวนิยาย
นวนิยาย
นว. ณ411ธ 2552  
  Barcode: 15841
ห้องสมุดวิทยาเขตสวรรค์ประชารักษ์
►นวนิยาย
บนชั้น
  ขอยืม

รายการใกล้เคียง
    ผู้แต่ง [ณารา]

BibComment


ยังไม่เคยถูกคอมเมนท์

คอมเมนท์ทรัพยากรรายการนี้
  คอมเมนท์: ธาราหิมาลัย ณารา


 Copyright 2026. Bcnsprnw @Library